Security in computing (Record no. 15266)

MARC details
000 -LEADER
fixed length control field 00484nam a2200181Ia 4500
008 - FIXED-LENGTH DATA ELEMENTS--GENERAL INFORMATION
fixed length control field 230917s9999||||xx |||||||||||||| ||und||
020 ## - ISBN
Price RS775
040 ## - CATALOGING SOURCE
-- 226544
Original cataloging agency VIVEKANANDA LIBRARY
041 ## - Language
-- English
082 ## - DDC NUMBER
Classification number 005.8 P483S(4)
100 ## - MAIN ENTRY--PERSONAL NAME
Personal name Pfleegeer, Charles P
245 #0 - TITLE STATEMENT
Title Security in computing
250 ## - EDITION STATEMENT
Edition statement 4th ed.
260 ## - PUBLICATION, DISTRIBUTION, ETC. (IMPRINT)
Place of publication, distribution, etc New Delhi
Name of publisher, distributor, etc Dorling Kindersley India
Date of publication, distribution, etc 2014
300 ## - PHYSICAL DESCRIPTION
Pages xxvii, 868 p.
500 ## - GENERAL NOTE
General note 2050 20/03/2015 RBP44904 27/03/2015 Main Budget
942 ## - ADDED ENTRY ELEMENTS (KOHA)
Koha item type Books
Holdings
Withdrawn status Lost status Damaged status Not for loan Location (home branch) Sublocation or collection (holding branch) Date acquired Koha issues (times borrowed) Koha full call number Accession No. Koha date last seen Koha item type
        VIVEKANANDA LIBRARY VIVEKANANDA LIBRARY 03/04/2015   005.8 P483S(4) 339090 17/09/2023 Books
        VIVEKANANDA LIBRARY VIVEKANANDA LIBRARY 03/04/2015 1 005.8 P483S(4) 339091 03/04/2026 Books
        VIVEKANANDA LIBRARY VIVEKANANDA LIBRARY 03/04/2015 1 005.8 P483S(4) 339092 06/12/2023 Books
        VIVEKANANDA LIBRARY VIVEKANANDA LIBRARY 03/04/2015   005.8 P483S(4) 339093 17/09/2023 Books
        VIVEKANANDA LIBRARY VIVEKANANDA LIBRARY 03/04/2015   005.8 P483S(4) 339094 17/09/2023 Books
© Designed and Maintained by Vivekananda Library, MDU Rohtak